KOHA-Header-6

Clinical Case Formulations: Matching the Integrative Treatment Plan to the Client (Record no. 14052)

000 -LEADER
fixed length control field 00347nam a22001337a 4500
020 ## - INTERNATIONAL STANDARD BOOK NUMBER
ISBN 9781118038222
082 ## - DEWEY DECIMAL CLASSIFICATION NUMBER
Classification number 616.89
100 ## - MAIN ENTRY--AUTHOR NAME
Personal name Barbara Lichner Ingram
245 ## - TITLE STATEMENT
Title Clinical Case Formulations: Matching the Integrative Treatment Plan to the Client
250 ## - EDITION STATEMENT
Edition statement 2nd Ed.
260 ## - PUBLICATION, DISTRIBUTION, ETC. (IMPRINT)
Place of publication USA
Name of publisher Wiley
Year of publication 2011
300 ## - PHYSICAL DESCRIPTION
Number of Pages 528 pages
942 ## - ADDED ENTRY ELEMENTS (KOHA)
Koha item type Books
Holdings
Withdrawn status Lost status Collection code Permanent Location Current Location Shelving location Date acquired Full call number Accession Number Koha item type
    Psychology MAJU MAJU Shelf No.A35 2025-09-04 616.89 11125 Books

Powered by Koha